[Event "Open 2005 des PSV Rostock"]
[Site "Rostock"]
[Date "2005.08.27"]
[Round "6.21"]
[White "Eichstaedt, Enrico"]
[Black "Jeck, Horst"]
[Result "1-0"]
[WhiteElo "1804"]
[BlackElo "1418"]
[PlyCount "77"]
[EventDate "2005.08.25"]
[EventType "swiss"]
[EventRounds "7"]
[EventCountry "GER"]
[Source "Th. Schwetlick"]
[SourceDate "2005.08.25"]

1. e4 e5 2. Nc3 Nf6 3. g3 d5 4. exd5 Nxd5 5. Nge2 Be6 6. Bg2 c6 7. O-O Be7 8.
d3 O-O 9. f4 exf4 10. Nxf4 Nxf4 11. Bxf4 Bf6 12. Qc1 Nd7 13. Kh1 Nb6 14. Ne4
Be7 15. Bg5 Bxg5 16. Qxg5 Qxg5 17. Nxg5 Bd5 18. Rae1 Bxg2+ 19. Kxg2 h6 20. Ne4
Nd5 21. c3 Rad8 22. Re2 b6 23. d4 a5 24. Rfe1 f5 25. Nf2 f4 26. Re6 Rc8 27. Nd3
fxg3 28. hxg3 Rf6 29. Re8+ Rf8 30. Rxc8 Rxc8 31. Re6 Kf7 32. Rd6 Ne7 33. Ne5+
Ke8 34. Kf3 h5 35. Kf4 c5 36. d5 Rd8 37. Rxd8+ Kxd8 38. c4 g6 39. Nc6+ 1-0

[Event "Open 2005 des PSV Rostock"]
[Site "Rostock"]
[Date "2005.08.27"]
[Round "6.22"]
[White "Hinkelmann, Dieter"]
[Black "Mueggenburg, Rolf"]
[Result "1/2-1/2"]
[WhiteElo "1537"]
[BlackElo "1507"]
[PlyCount "88"]
[EventDate "2005.08.25"]
[EventType "swiss"]
[EventRounds "7"]
[EventCountry "GER"]
[Source "Th. Schwetlick"]
[SourceDate "2005.08.25"]

1. e4 Nf6 2. e5 Nd5 3. d4 Nc6 4. c4 Nb6 5. Be3 e6 6. Nc3 d5 7. c5 Nd7 8. Bd3 a6
9. Nf3 Be7 10. a3 b6 11. cxb6 Nxb6 12. b3 Nd7 13. Na4 Nf8 14. Qc2 Nb8 15. Nc5
c6 16. O-O Ng6 17. Rfc1 O-O 18. Qd2 Nh4 19. Nxh4 Bxh4 20. g3 Be7 21. b4 f5 22.
f4 Ra7 23. Qg2 Kh8 24. Qh3 g6 25. Kh1 Rf7 26. Rg1 a5 27. Bd2 Bxc5 28. bxc5 a4
29. Rab1 Ba6 30. Qf1 Bxd3 31. Qxd3 Rfb7 32. Rxb7 Rxb7 33. Rb1 Qc8 34. Rb4 Rxb4
35. Bxb4 Qa6 36. Qd1 Qb5 37. Kg2 Na6 38. Bc3 Nc7 39. Kf2 Qc4 40. Qd2 Nb5 41.
Bb2 Qb3 42. Qc1 h5 43. h4 Qa2 44. Ke3 Qb3+ 1/2-1/2

[Event "Open 2005 des PSV Rostock"]
[Site "Rostock"]
[Date "2005.08.28"]
[Round "7.1"]
[White "Gottschalk, Jens"]
[Black "Rudolf, Henrik"]
[Result "1/2-1/2"]
[WhiteElo "2219"]
[BlackElo "2329"]
[PlyCount "29"]
[EventDate "2005.08.25"]
[EventType "swiss"]
[EventRounds "7"]
[EventCountry "GER"]
[Source "Th. Schwetlick"]
[SourceDate "2005.08.25"]

1. d4 Nf6 2. c4 g6 3. Nc3 Bg7 4. e4 d6 5. f3 O-O 6. Be3 c5 7. d5 e6 8. Qd2 exd5
9. cxd5 Nbd7 10. Nh3 Ne5 11. Nf2 a6 12. a4 Ne8 13. Be2 f5 14. O-O Bd7 15. Rab1
1/2-1/2

[Event "Open 2005 des PSV Rostock"]
[Site "Rostock"]
[Date "2005.08.28"]
[Round "7.2"]
[White "Hoffmann, Hendrik"]
[Black "Seils, Jörg"]
[Result "1/2-1/2"]
[WhiteElo "2284"]
[BlackElo "2365"]
[PlyCount "36"]
[EventDate "2005.08.25"]
[EventType "swiss"]
[EventRounds "7"]
[EventCountry "GER"]
[Source "Th. Schwetlick"]
[SourceDate "2005.08.25"]

1. e4 d5 2. exd5 Qxd5 3. Nc3 Qa5 4. d4 c6 5. Nf3 Nf6 6. Bc4 Bf5 7. Bd2 Nbd7 8.
Qe2 e6 9. Ne5 Qc7 10. Nxd7 Qxd7 11. d5 Be7 12. dxe6 Bxe6 13. Bxe6 Qxe6 14. Qxe6
fxe6 15. O-O-O Kf7 16. Rhe1 Rad8 17. Ne4 Nxe4 18. Rxe4 Bf6 1/2-1/2

[Event "Open 2005 des PSV Rostock"]
[Site "Rostock"]
[Date "2005.08.28"]
[Round "7.3"]
[White "Steinhagen, Bernd"]
[Black "Ruesch, Hans Joachim"]
[Result "1-0"]
[WhiteElo "2258"]
[BlackElo "2055"]
[PlyCount "45"]
[EventDate "2005.08.25"]
[EventType "swiss"]
[EventRounds "7"]
[EventCountry "GER"]
[Source "Th. Schwetlick"]
[SourceDate "2005.08.25"]

1. c4 g6 2. Nc3 Bg7 3. g3 e5 4. Bg2 Nc6 5. d3 d6 6. Rb1 Be6 7. b4 Qd7 8. b5 Nd8
9. h4 f5 10. h5 c6 11. Nh3 h6 12. hxg6 d5 13. bxc6 bxc6 14. cxd5 cxd5 15. Ba3
Ne7 16. Bxe7 Kxe7 17. Qb3 e4 18. Nf4 Bxc3+ 19. Qxc3 Nc6 20. Rb7 Qxb7 21. Qg7+
Kd6 22. Qxb7 Rhb8 23. Qg7 1-0

[Event "Open 2005 des PSV Rostock"]
[Site "Rostock"]
[Date "2005.08.28"]
[Round "7.4"]
[White "Porsch, Harald"]
[Black "Kliewe, Hans Juergen"]
[Result "1/2-1/2"]
[WhiteElo "2258"]
[BlackElo "2166"]
[PlyCount "47"]
[EventDate "2005.08.25"]
[EventType "swiss"]
[EventRounds "7"]
[EventCountry "GER"]
[Source "Th. Schwetlick"]
[SourceDate "2005.08.25"]

1. e4 e6 2. d4 d5 3. Nc3 Bb4 4. e5 c5 5. Bd2 Ne7 6. a3 Bxc3 7. Bxc3 cxd4 8.
Bxd4 Nbc6 9. Nf3 Nxd4 10. Qxd4 Qc7 11. Bd3 Bd7 12. Qg4 Ng6 13. Qg3 Qc5 14. h4
Bb5 15. Bxb5+ Qxb5 16. O-O-O Qc4 17. Nd4 Qa2 18. c3 Rc8 19. f4 Ne7 20. Rhf1 g6
21. Qd3 Qc4 22. g4 Qxd3 23. Rxd3 Nc6 24. Nxc6 1/2-1/2

[Event "Open 2005 des PSV Rostock"]
[Site "Rostock"]
[Date "2005.08.28"]
[Round "7.6"]
[White "Hetey, Laszlo"]
[Black "Luetje, Juergen"]
[Result "1-0"]
[WhiteElo "2322"]
[BlackElo "2135"]
[PlyCount "50"]
[EventDate "2005.08.25"]
[EventType "swiss"]
[EventRounds "7"]
[EventCountry "GER"]
[Source "Th. Schwetlick"]
[SourceDate "2005.08.25"]

1. d4 d5 2. Nf3 Nf6 3. c4 c6 4. Nc3 e6 5. cxd5 cxd5 6. Bg5 Be7 7. e3 O-O 8. Bd3
b6 9. Ne5 Bb7 10. O-O Ne4 11. Bf4 f6 12. Nf3 Nxc3 13. bxc3 Bd6 14. Re1 Nc6 15.
Nd2 Rf7 16. Rc1 Rc8 17. Qh5 g6 18. Qh3 e5 19. Bg3 Ba3 20. Rcd1 e4 21. Bf1 Na5
22. f3 Rxc3 23. Nb1 Bc8 24. Qh4 Be7 25. Nxc3 g5 1-0

[Event "Open 2005 des PSV Rostock"]
[Site "Rostock"]
[Date "2005.08.28"]
[Round "7.7"]
[White "Schroeder, Christian"]
[Black "Moeller, Peter"]
[Result "0-1"]
[WhiteElo "2069"]
[BlackElo "2146"]
[PlyCount "70"]
[EventDate "2005.08.25"]
[EventType "swiss"]
[EventRounds "7"]
[EventCountry "GER"]
[Source "Th. Schwetlick"]
[SourceDate "2005.08.25"]

1. d4 d6 2. c4 e5 3. d5 f5 4. Nc3 Nf6 5. Nf3 Be7 6. g3 O-O 7. Bg2 a5 8. O-O Na6
9. a3 Nc5 10. Ne1 b6 11. Qc2 Bd7 12. Bd2 a4 13. Nd3 Nfe4 14. Nxe4 Nxe4 15. Nb4
Nxd2 16. Qxd2 e4 17. f3 Bg5 18. Qc2 exf3 19. exf3 f4 20. g4 Qf6 21. Rfe1 Qd4+
22. Kh1 Bf6 23. Re2 Rfe8 24. Rae1 Qxb2 25. Qxb2 Bxb2 26. Nd3 Bxa3 27. Nxf4 Bb4
28. Rb1 Rxe2 29. Nxe2 Bd2 30. Rb2 a3 31. Ra2 b5 32. Bf1 b4 33. Nd4 Bc3 34. Nb3
Ba4 35. Nc1 b3 0-1

[Event "Open 2005 des PSV Rostock"]
[Site "Rostock"]
[Date "2005.08.28"]
[Round "7.8"]
[White "Kutschke, Peter"]
[Black "Schmidt, Wolfgang"]
[Result "1/2-1/2"]
[WhiteElo "2128"]
[BlackElo "1851"]
[PlyCount "22"]
[EventDate "2005.08.25"]
[EventType "swiss"]
[EventRounds "7"]
[EventCountry "GER"]
[Source "Th. Schwetlick"]
[SourceDate "2005.08.25"]

1. c4 e5 2. e4 Nf6 3. Nc3 c6 4. Nf3 d6 5. Be2 Qc7 6. h3 Nbd7 7. d4 Be7 8. O-O
O-O 9. Be3 Re8 10. dxe5 dxe5 11. Qc2 Nf8 1/2-1/2

[Event "Open 2005 des PSV Rostock"]
[Site "Rostock"]
[Date "2005.08.28"]
[Round "7.9"]
[White "Schoengart, Ralf"]
[Black "Hammel, Ralf"]
[Result "0-1"]
[WhiteElo "2112"]
[BlackElo "2188"]
[PlyCount "134"]
[EventDate "2005.08.25"]
[EventType "swiss"]
[EventRounds "7"]
[EventCountry "GER"]
[Source "Th. Schwetlick"]
[SourceDate "2005.08.25"]

1. d4 Nf6 2. c4 e6 3. Nc3 Bb4 4. Qc2 c5 5. e3 Nc6 6. Nf3 cxd4 7. exd4 d5 8. a3
Bxc3+ 9. bxc3 Bd7 10. Bg5 h6 11. Bh4 Rc8 12. cxd5 exd5 13. Be2 O-O 14. O-O Bg4
15. Qb3 Na5 16. Qb4 g5 17. Bg3 Ne4 18. Rfc1 Nxg3 19. hxg3 b6 20. Bd3 Bxf3 21.
gxf3 Nc4 22. Kg2 Qf6 23. Re1 Nd2 24. Re3 Nc4 25. Re2 Nd6 26. Re5 a5 27. Qb3 Nc4
28. Rxd5 Qxf3+ 29. Kxf3 Nd2+ 30. Kg2 Nxb3 31. Rh1 Kg7 32. c4 Rfd8 33. Rxd8 Rxd8
34. d5 Rd6 35. g4 Nc5 36. Bf5 Kf8 37. Re1 Nb3 38. Re4 Nc5 39. Re3 Rf6 40. Re5
Rd6 41. Kg3 Na4 42. Re2 Nc5 43. f3 Rf6 44. f4 Rd6 45. fxg5 hxg5 46. Re3 Rh6 47.
Re1 Rd6 48. Re5 f6 49. Re2 Kf7 50. Rh2 Ke7 51. Rh7+ Ke8 52. Kf3 Kd8 53. Ke3 Ke8
54. Rh8+ Ke7 55. Rc8 Kf7 56. Rb8 Ke7 57. Rh8 Kf7 58. Rh7+ Ke8 59. Bc8 Kd8 60.
Bb7 Rd7 61. Rh8+ Kc7 62. Bc6 Rd6 63. Rh7+ Kd8 64. Kd4 Kc8 65. Re7 Kd8 66. Re8+
Kc7 67. Rf8 Ne6+ 0-1

[Event "Open 2005 des PSV Rostock"]
[Site "Rostock"]
[Date "2005.08.28"]
[Round "7.10"]
[White "Helms, Sven"]
[Black "Krueger, Alexander"]
[Result "1/2-1/2"]
[WhiteElo "2148"]
[BlackElo "1889"]
[PlyCount "46"]
[EventDate "2005.08.25"]
[EventType "swiss"]
[EventRounds "7"]
[EventCountry "GER"]
[Source "Th. Schwetlick"]
[SourceDate "2005.08.25"]

1. d4 f5 2. h3 Nf6 3. g4 d5 4. g5 Ne4 5. Nf3 Nc6 6. Bf4 g6 7. e3 a6 8. Ne5 Nxe5
9. Bxe5 Rg8 10. h4 Be6 11. Nd2 Nxd2 12. Qxd2 Bg7 13. Bxg7 Rxg7 14. Be2 Qd6 15.
f4 h5 16. gxh6 Rh7 17. O-O-O Rxh6 18. Rdg1 Bf7 19. Rg5 O-O-O 20. Bf3 Rdh8 21.
h5 e6 22. Qd1 gxh5 23. Bxh5 Bxh5 1/2-1/2

[Event "Open 2005 des PSV Rostock"]
[Site "Rostock"]
[Date "2005.08.28"]
[Round "7.11"]
[White "Schoenrock, Ruediger"]
[Black "Ott, Mathias"]
[Result "1/2-1/2"]
[WhiteElo "2126"]
[BlackElo "1843"]
[PlyCount "41"]
[EventDate "2005.08.25"]
[EventType "swiss"]
[EventRounds "7"]
[EventCountry "GER"]
[Source "Th. Schwetlick"]
[SourceDate "2005.08.25"]

1. e4 e6 2. d4 d5 3. Nd2 Nf6 4. e5 Nfd7 5. Bd3 c5 6. c3 Nc6 7. Ne2 cxd4 8. cxd4
f6 9. Nf4 Qe7 10. Qh5+ Qf7 11. Bg6 hxg6 12. Qxh8 Nxd4 13. O-O Nxe5 14. Nb3 Nf5
15. Re1 Nh6 16. Nxd5 g5 17. Rxe5 fxe5 18. Nc3 Qf5 19. Be3 Bd7 20. Nc5 Bc6 21.
Rd1 1/2-1/2

[Event "Open 2005 des PSV Rostock"]
[Site "Rostock"]
[Date "2005.08.28"]
[Round "7.12"]
[White "Giese, Guido"]
[Black "Ernst, Mathias"]
[Result "1/2-1/2"]
[WhiteElo "2037"]
[BlackElo "1703"]
[PlyCount "86"]
[EventDate "2005.08.25"]
[EventType "swiss"]
[EventRounds "7"]
[EventCountry "GER"]
[Source "Th. Schwetlick"]
[SourceDate "2005.08.25"]

1. Nc3 c5 2. Nf3 Nc6 3. d4 cxd4 4. Nxd4 Nf6 5. g3 e5 6. Nxc6 bxc6 7. Bg2 d5 8.
O-O Be7 9. Na4 Bd7 10. c4 d4 11. e3 c5 12. exd4 cxd4 13. Re1 Rc8 14. Rxe5 O-O
15. c5 Bxa4 16. Qxa4 Bxc5 17. b4 Bb6 18. Bh3 Re8 19. Rxe8+ Qxe8 20. Qxe8+ Rxe8
21. Bf1 Ne4 22. Bd3 Nc3 23. Bd2 Ne4 24. Be1 Ng5 25. Kg2 f6 26. h4 Nf7 27. f4 g5
28. hxg5 fxg5 29. Bd2 gxf4 30. gxf4 Nd6 31. Kf3 Kf7 32. Rh1 Rh8 33. Rxh7+ Rxh7
34. Bxh7 Nc4 35. Bc1 Kf6 36. a4 a5 37. bxa5 Nxa5 38. Ke4 Nb3 39. Bb2 Nc5+ 40.
Kd5 Nxa4 41. Bxd4+ Bxd4 42. Kxd4 Nb6 43. Kc5 Nd7+ 1/2-1/2

[Event "Open 2005 des PSV Rostock"]
[Site "Rostock"]
[Date "2005.08.28"]
[Round "7.13"]
[White "Bahr, Enrico"]
[Black "Worm, Alfred"]
[Result "0-1"]
[WhiteElo "2004"]
[BlackElo "1690"]
[PlyCount "68"]
[EventDate "2005.08.25"]
[EventType "swiss"]
[EventRounds "7"]
[EventCountry "GER"]
[Source "Th. Schwetlick"]
[SourceDate "2005.08.25"]

1. d4 Nf6 2. e3 d5 3. Bd3 g6 4. Nd2 Bg7 5. h3 b6 6. Qe2 Bb7 7. f4 Nbd7 8. Ngf3
c5 9. c3 Ne4 10. Nf1 Ndf6 11. g4 O-O 12. Qg2 Qc8 13. g5 Nh5 14. N3d2 cxd4 15.
cxd4 f5 16. Be2 Nxf4 17. exf4 Bxd4 18. Nf3 Bf2+ 19. Kd1 d4 20. Bd3 Rd8 21. Bxe4
fxe4 22. Qxf2 exf3 23. Nh2 Qxh3 24. Rf1 Ba6 25. Rg1 Be2+ 26. Kd2 Qf5 27. Ke1
Qd3 28. Bd2 Rac8 29. Nxf3 Bxf3 30. Rg3 Qe4+ 31. Kf1 Bh5 32. Re1 Qh1+ 33. Rg1
Qh3+ 34. Rg2 Bf3 0-1

[Event "Open 2005 des PSV Rostock"]
[Site "Rostock"]
[Date "2005.08.28"]
[Round "7.14"]
[White "Raitza, Egon"]
[Black "Illgen, Alexander"]
[Result "0-1"]
[WhiteElo "1890"]
[BlackElo "1925"]
[PlyCount "96"]
[EventDate "2005.08.25"]
[EventType "swiss"]
[EventRounds "7"]
[EventCountry "GER"]
[Source "Th. Schwetlick"]
[SourceDate "2005.08.25"]

1. d4 Nf6 2. Nf3 g6 3. Nbd2 Bg7 4. e4 d6 5. Bd3 Nc6 6. c3 O-O 7. O-O Re8 8. Re1
e5 9. d5 Ne7 10. Nf1 Bg4 11. Ng3 Nh5 12. h3 Bxf3 13. Qxf3 Nxg3 14. Qxg3 Qd7 15.
c4 f5 16. f3 Rf8 17. Rb1 Qa4 18. Bg5 Rae8 19. Qh4 fxe4 20. Bxe7 Rf4 21. Qf2
exd3 22. b3 Qd7 23. Bg5 Rf5 24. Qd2 c6 25. Re4 cxd5 26. cxd5 Qb5 27. Be3 Rc8
28. Rd1 Rc2 29. Qxd3 Qxd3 30. Rxd3 Rxa2 31. Rd2 Ra3 32. Rd3 b5 33. Kf1 Rf7 34.
Rc3 h5 35. Kg1 Bf8 36. Bg5 Kg7 37. Kh2 a5 38. Ree3 Rb7 39. Rc6 Kf7 40. Kg3 a4
41. bxa4 Rxa4 42. Rec3 Raa7 43. Rc8 b4 44. R3c6 b3 45. Be3 b2 46. Bxa7 b1=Q 47.
Ra8 Qe1+ 48. Bf2 h4+ 0-1

[Event "Open 2005 des PSV Rostock"]
[Site "Rostock"]
[Date "2005.08.28"]
[Round "7.15"]
[White "Schreiber, Nico"]
[Black "Boehm, Matthias"]
[Result "1/2-1/2"]
[WhiteElo "1537"]
[BlackElo "1673"]
[PlyCount "60"]
[EventDate "2005.08.25"]
[EventType "swiss"]
[EventRounds "7"]
[EventCountry "GER"]
[Source "Th. Schwetlick"]
[SourceDate "2005.08.25"]

1. d4 Nf6 2. Nf3 g6 3. g3 Bg7 4. Bg2 d5 5. O-O O-O 6. Nbd2 c6 7. c4 dxc4 8.
Nxc4 Be6 9. Nce5 Bd5 10. b3 Nbd7 11. Nxd7 Nxd7 12. e3 Rc8 13. Ba3 Re8 14. Rc1
Qa5 15. Bc5 Nxc5 16. dxc5 Qxa2 17. Nd4 Bxd4 18. Bxd5 Bg7 19. Bc4 Rcd8 20. Qf3
e6 21. Rfd1 Qb2 22. Qf4 Qe5 23. Qf3 Qc7 24. b4 a6 25. Kg2 Rxd1 26. Qxd1 Rd8 27.
Qg4 Qe7 28. Rc2 Rd7 29. Qf4 Qd8 30. h4 Qc7 1/2-1/2

[Event "Open 2005 des PSV Rostock"]
[Site "Rostock"]
[Date "2005.08.28"]
[Round "7.16"]
[White "Hamann, Dirk"]
[Black "Fischer, Joachim"]
[Result "1/2-1/2"]
[WhiteElo "1844"]
[BlackElo "1673"]
[PlyCount "66"]
[EventDate "2005.08.25"]
[EventType "swiss"]
[EventRounds "7"]
[EventCountry "GER"]
[Source "Th. Schwetlick"]
[SourceDate "2005.08.25"]

1. e4 e5 2. Nf3 Nc6 3. c3 d6 4. Bc4 Be7 5. d3 Nf6 6. h3 a6 7. O-O O-O 8. Be3
Na5 9. Bb3 c5 10. Nbd2 Qc7 11. Bc2 b5 12. Re1 Nc6 13. Nf1 Nd8 14. Ng3 Ne8 15.
d4 g6 16. Bh6 Ng7 17. dxe5 dxe5 18. Qd5 Nc6 19. Qd2 f6 20. Qe2 Be6 21. a4 Rab8
22. axb5 axb5 23. Red1 Rfd8 24. Bxg7 Kxg7 25. Nf1 c4 26. Ne3 Bc5 27. Nh2 Bxe3
28. Qxe3 Rxd1+ 29. Rxd1 Rd8 30. Ra1 Rb8 31. Qc5 Qb6 32. Qd6 Kf7 33. Qd2 Kg7
1/2-1/2

[Event "Open 2005 des PSV Rostock"]
[Site "Rostock"]
[Date "2005.08.28"]
[Round "7.17"]
[White "Glebow, Roman"]
[Black "Eichstaedt, Enrico"]
[Result "1-0"]
[WhiteElo "1589"]
[BlackElo "1804"]
[PlyCount "55"]
[EventDate "2005.08.25"]
[EventType "swiss"]
[EventRounds "7"]
[EventCountry "GER"]
[Source "Th. Schwetlick"]
[SourceDate "2005.08.25"]

1. e4 e5 2. Nf3 Nc6 3. Bc4 Bc5 4. c3 Nf6 5. d4 exd4 6. cxd4 Bb4+ 7. Nc3 d5 8.
exd5 Nxd5 9. Bd2 Bxc3 10. bxc3 O-O 11. O-O Be6 12. Ng5 Qf6 13. Nxh7 Kxh7 14.
Qh5+ Kg8 15. Bxd5 Bxd5 16. Qxd5 Rad8 17. Qb5 Rd6 18. Qxb7 Rb8 19. Qxc7 Rb2 20.
Be3 Qe6 21. Rfe1 Rd7 22. Qg3 Ne7 23. Bg5 Rxa2 24. Rac1 Re2 25. Rxe2 Qxe2 26.
Qe3 Qb2 27. Re1 f6 28. Qe6+ 1-0

[Event "Open 2005 des PSV Rostock"]
[Site "Rostock"]
[Date "2005.08.28"]
[Round "7.20"]
[White "Ehlers, Michael"]
[Black "Modrow, Andreas"]
[Result "1/2-1/2"]
[WhiteElo "1626"]
[BlackElo "1235"]
[PlyCount "130"]
[EventDate "2005.08.25"]
[EventType "swiss"]
[EventRounds "7"]
[EventCountry "GER"]
[Source "Th. Schwetlick"]
[SourceDate "2005.08.25"]

1. f4 d5 2. Nf3 c5 3. e3 Nc6 4. Be2 Bg4 5. b3 e6 6. Bb2 f6 7. d3 Bd6 8. Nbd2
Nge7 9. h3 Bh5 10. g4 Bf7 11. Nh4 Qc7 12. Ng2 O-O-O 13. Bf3 Rhg8 14. h4 Kb8 15.
Qe2 Nb4 16. Nf1 d4 17. a3 Nbc6 18. g5 e5 19. fxe5 Bxe5 20. gxf6 Bxf6 21. e4 Ng6
22. O-O-O Nf4 23. Nxf4 Qxf4+ 24. Nd2 h6 25. Rdf1 Qc7 26. Nc4 Bxc4 27. bxc4 Rdf8
28. Kb1 Be7 29. Ka2 Rf4 30. h5 Rgf8 31. Bc1 R4f6 32. Rhg1 Ne5 33. Bh1 Rxf1 34.
Rxf1 Rxf1 35. Qxf1 Bf6 36. Bxh6 Qa5 37. Bf4 Kc8 38. Qh3+ Kd8 39. Qh2 Nc6 40. e5
Be7 41. Bxc6 bxc6 42. Qd2 Qxd2 43. Bxd2 Kd7 44. h6 gxh6 45. Bxh6 Ke6 46. Bg7
Bd8 47. Kb3 Bb6 48. Kb2 Kf7 49. Bf6 Bc7 50. Kc1 Ke6 51. Kd2 Bxe5 52. Bd8 Kd7
53. Bg5 Bc7 54. Ke2 Bb6 55. Kf3 a6 56. Bd2 Bc7 57. Ke4 Ke6 58. Bc1 Bd6 59. Bd2
Bc7 60. c3 Ba5 61. cxd4 Bxd2 62. dxc5 a5 63. a4 Bb4 64. d4 Kd7 65. Kf5 Bc3
1/2-1/2

[Event "Open 2005 des PSV Rostock"]
[Site "Rostock"]
[Date "2005.08.28"]
[Round "7.21"]
[White "Heinisch, Uwe"]
[Black "Hinkelmann, Dieter"]
[Result "1/2-1/2"]
[WhiteElo "1600"]
[BlackElo "1537"]
[PlyCount "33"]
[EventDate "2005.08.25"]
[EventType "swiss"]
[EventRounds "7"]
[EventCountry "GER"]
[Source "Th. Schwetlick"]
[SourceDate "2005.08.25"]

1. d4 d5 2. Nf3 e6 3. e3 Nf6 4. Bd3 b6 5. Nbd2 Be7 6. O-O O-O 7. Qe2 Bb7 8. e4
dxe4 9. Nxe4 Nbd7 10. c3 c5 11. dxc5 Nxc5 12. Nxc5 Bxc5 13. Rd1 Qc7 14. h3 Rad8
15. Bg5 Be7 16. Bxf6 Bxf6 17. Be4 1/2-1/2

[Event "Open 2005 des PSV Rostock"]
[Site "Rostock"]
[Date "2005.08.28"]
[Round "7.22"]
[White "Jeck, Horst"]
[Black "Mueggenburg, Rolf"]
[Result "1/2-1/2"]
[WhiteElo "1418"]
[BlackElo "1507"]
[PlyCount "136"]
[EventDate "2005.08.25"]
[EventType "swiss"]
[EventRounds "7"]
[EventCountry "GER"]
[Source "Th. Schwetlick"]
[SourceDate "2005.08.25"]

1. e4 d5 2. exd5 Qxd5 3. Nc3 Qa5 4. d4 c6 5. Nf3 Bf5 6. Be2 Nf6 7. O-O e6 8.
Nd2 Bd6 9. Nc4 Qc7 10. Nxd6+ Qxd6 11. Bf3 Nbd7 12. Ne2 Bg4 13. Bxg4 Nxg4 14.
Bf4 Qe7 15. h3 Ngf6 16. Bg5 h6 17. Bxf6 gxf6 18. c4 Nb6 19. Rc1 f5 20. Rc3 Rg8
21. Qb3 Qd7 22. Rd1 O-O-O 23. Rg3 Kb8 24. Rxg8 Rxg8 25. a4 Qe7 26. a5 Nc8 27.
a6 b6 28. Rd3 Rg7 29. Rg3 Rg6 30. Rxg6 fxg6 31. Qg3+ e5 32. dxe5 Qe6 33. b3 Ne7
34. Nd4 Qc8 35. e6+ Qc7 36. Qe3 Qd6 37. Nf3 g5 38. Qe5 Qxe5 39. Nxe5 Kc7 40. g3
h5 41. Kf1 g4 42. hxg4 hxg4 43. f4 c5 44. Nf7 Kc6 45. Ke2 b5 46. Ne5+ Kb6 47.
Nd7+ Kxa6 48. Nxc5+ Ka5 49. Nd3 a6 50. Kd2 Kb6 51. Kc3 bxc4 52. bxc4 a5 53. Kb3
Kc6 54. Ka4 Kd6 55. Kxa5 Kxe6 56. Kb5 Kd6 57. Ne5 Kc7 58. Kc5 Nc8 59. Kd5 Nd6
60. Ke6 Ne4 61. Kxf5 Nxg3+ 62. Kxg4 Ne4 63. f5 Kd6 64. Kf4 Nf6 65. Ng4 Nd7 66.
Kg5 Kc5 67. Kf4 Kd4 68. Kg5 Kxc4 1/2-1/2